00403 2200157 4500001002100000008004100021035002000062245004200082100001500124260002800139300002200167020002200189084001400211082000800225990001200233INLIS000000000002823 IND  a0010-0925000170 aMasa Lalu Yang TertinggalcRiri Ansar aRiri Ansar aJakartabEuthaniac2014 a152c(13 x 19 cm) a978-602-1310-35-9 a813 RIR m a813 a0755045